| 000 | 00793nam a2200193Ia 4500 | ||
|---|---|---|---|
| 999 |
_c3262 _d3262 |
||
| 003 | OSt | ||
| 005 | 20200420135143.0 | ||
| 008 | 191128q1990 ck gr 000 j spa d | ||
| 040 |
_aCO-JMCR _cCO-JMCR |
||
| 041 | 0 | _aspa | |
| 082 | 0 | 4 |
_aC / _bGRIc |
| 100 | 1 |
_aGrimm, Guillermo, _eautor _93264 |
|
| 245 | 0 |
_aCuentos de Grimm : Cuentos infantiles / _cGuillermo Grimm, Jacobo Grimm |
|
| 260 |
_aBogotá : _bEdiciones universales, _c[1990] |
||
| 300 |
_a257 páginas ; _c 17 cm. |
||
| 505 | _aHänsel y gretel -- El pájaro de oro -- La serpiente blanca -- el sastre en el cielo -- la reina de las abejas -- pulgarcito -- rapónchigo -- el campesinito en el cielo -- los años de vida -- el lobo y los siete cabritos -- caperucita roja | ||
| 650 | 1 | 4 |
_aCuentos infantiles _93265 |
| 942 |
_2ddc _cBK |
||